| 000 | 00441ngm a2200169 i 4500 | ||
|---|---|---|---|
| 001 | C2-0303306 | ||
| 003 | PPAK | ||
| 005 | 20180727220352.0 | ||
| 008 | 100322s2009 xxu|||| ||||| | vleng d | ||
| 040 |
_aPPAK _beng _cPPAK _erda |
||
| 245 | 0 | 0 | _aDesert Tech |
| 264 | 1 |
_aUnited States : _bA&E Television Networks , _c2009 |
|
| 336 |
_2rdacontent _atext |
||
| 337 |
_2rdamedia _aunmediated |
||
| 338 |
_2rdacarrier _avolume |
||
| 942 |
_2ddc _cDVD |
||
| 999 |
_c166169 _d166169 |
||